[Event "Ä13Ï"]
[Site "Loo"]
[Date "2017.04.21"]
[Round "2.28"]
[White "Áîæåíîâà, Âåðîíèêà."]
[Black "Òóìàøåâè÷, Åëèçàâåòà."]
[Result "0-1"]
[WhiteElo "1283"]
[BlackElo "1506"]
[PlyCount "150"]
[EventDate "2017.04.20"]

1. c4 c6 2. Nc3 d5 3. cxd5 cxd5 4. d4 Nf6 5. g3 Bf5 6. Bg2 e6 7. Nf3 Nc6 8. O-O
Be7 9. Bf4 O-O 10. a3 h6 11. Rc1 Rc8 12. Ne5 a6 13. Qd2 Qb6 14. Nxc6 Rxc6 15.
Rfd1 Rfc8 16. b4 Bd6 17. Bxd6 Rxd6 18. Na4 Qd8 19. Nc5 Qe8 20. h3 Rdc6 21. e3
R6c7 22. Re1 Qd8 23. Red1 Nd7 24. Nxd7 Qxd7 25. Kh2 Rc6 26. Rxc6 Qxc6 27. Re1
Qc3 28. Qxc3 Rxc3 29. Ra1 Rc2 30. Kg1 Kf8 31. h4 Ke7 32. Kf1 Bd3+ 33. Kg1 Kd6
34. Bf1 Be4 35. Bg2 Bg6 36. Kf1 Bd3+ 37. Kg1 f6 38. Bf1 Bg6 39. b5 a5 40. a4 b6
41. Bh3 Rc4 42. Bf1 Rb4 43. Ra2 Rb1 44. Kg2 Be4+ 45. f3 Bxf3+ 46. Kxf3 Rxf1+
47. Kg4 g6 48. h5 f5+ 49. Kh3 Rh1+ 50. Rh2 Rxh2+ 51. Kxh2 gxh5 52. Kh3 e5 53.
Kh4 exd4 54. exd4 Ke6 55. Kxh5 f4 56. gxf4 Kf5 57. Kxh6 Kxf4 58. Kg6 Ke4 59.
Kf6 Kxd4 60. Ke6 Kc5 61. Ke5 d4 62. Ke4 Kc4 63. Ke5 d3 64. Kd6 d2 65. Kc6 d1=Q
66. Kxb6 Qd7 67. Ka6 Qc8+ 68. Ka7 Kb4 69. b6 Kxa4 70. b7 Qxb7+ 71. Kxb7 Kb4 72.
Kc7 a4 73. Kd6 a3 74. Kd5 a2 75. Kd4 a1=Q+ 0-1

[Event "Ä13Ï"]
[Site "Loo"]
[Date "2017.04.21"]
[Round "2.29"]
[White "Èâàíîâà, ßðîñëàâà."]
[Black "Îíäàð, Øóðó."]
[Result "0-1"]
[WhiteElo "1238"]
[BlackElo "1449"]
[PlyCount "46"]
[EventDate "2017.04.20"]

1. d4 d5 2. Nf3 Bg4 3. e3 Nf6 4. c4 c6 5. Nc3 e6 6. Be2 Nbd7 7. O-O Bd6 8. b3
Qc7 9. h3 Bh5 10. Bb2 O-O 11. Rc1 Rfe8 12. a3 a6 13. Qd2 Rac8 14. Rfd1 h6 15.
Qe1 Bg6 16. Qf1 Nf8 17. Qe1 Qe7 18. b4 Ne4 19. Kf1 Nh7 20. Kg1 Nhg5 21. cxd5
exd5 22. Nxe4 Bxe4 23. Qf1 Qf6 0-1

[Event "Ä13Ï"]
[Site "Loo"]
[Date "2017.04.21"]
[Round "2.30"]
[White "Ïàõîìîâà, Òàòüÿíà."]
[Black "Äåíùèê, Àëåêñàíäðà."]
[Result "1/2-1/2"]
[WhiteElo "1394"]
[BlackElo "1266"]
[PlyCount "76"]
[EventDate "2017.04.20"]

1. d4 d5 2. c4 e6 3. Nf3 c6 4. g3 f5 5. Bg2 Nf6 6. O-O Bd6 7. Nfd2 O-O 8. Nc3
b6 9. e3 Bb7 10. Qb3 Nbd7 11. Re1 Ne4 12. Ndxe4 fxe4 13. cxd5 cxd5 14. Nxe4 Bc7
15. Nc3 Qf6 16. Qc2 Rac8 17. Qd2 a5 18. e4 dxe4 19. Bxe4 Bxe4 20. Nxe4 Qg6 21.
Qg5 Qf7 22. b3 e5 23. Ba3 Rfe8 24. dxe5 Bxe5 25. Rad1 h6 26. Qg4 Rcd8 27. Bd6
Bxd6 28. Nxd6 Rxe1+ 29. Rxe1 Qf6 30. Nb7 Rf8 31. Qe6+ Qxe6 32. Rxe6 Rc8 33. Re2
Rc6 34. Nd8 Rc8 35. Nb7 Rc7 36. Nd8 Rc8 37. Nb7 Rc7 38. Nd8 Rc8 1/2-1/2

[Event "Ä13Ï"]
[Site "Loo"]
[Date "2017.04.21"]
[Round "2.31"]
[White "Ìîõàììàä, Äàðèíà."]
[Black "Êèñåëåâà, Àëèíà."]
[Result "0-1"]
[WhiteElo "1211"]
[BlackElo "1377"]
[PlyCount "114"]
[EventDate "2017.04.20"]

1. d4 d5 2. Bf4 Nf6 3. e3 Bf5 4. Nd2 e6 5. c3 c5 6. Ngf3 Nc6 7. Bb5 Qb6 8.
Bxc6+ Qxc6 9. O-O Be7 10. Re1 O-O 11. h3 b6 12. Ne5 Qb7 13. Qb3 Nd7 14. Ndf3
Rac8 15. Qb5 Nxe5 16. Nxe5 Rfd8 17. a4 cxd4 18. exd4 a6 19. Qb3 Bd6 20. a5 b5
21. Rac1 f6 22. g4 fxe5 23. dxe5 Bxg4 24. hxg4 Bc5 25. Re2 Qf7 26. Be3 Bxe3 27.
Rxe3 Qf4 28. Qd1 Rf8 29. Rc2 Rc4 30. Kg2 Qg5 31. Kg3 h5 32. Kh2 Rxg4 33. Rg3
Qh4+ 34. Kg2 Rxg3+ 35. fxg3 Qe4+ 36. Kh2 Rf3 37. Re2 Qg4 38. Qg1 h4 39. Rg2 Kf7
40. Qa7+ Kg6 41. Qg1 hxg3+ 42. Rxg3 Rxg3 43. Qxg3 Qxg3+ 44. Kxg3 Kf5 45. b3 Ke4
46. c4 dxc4 47. bxc4 bxc4 48. Kf2 Kd4 49. Ke2 c3 50. Kd1 Kd3 51. Kc1 c2 52. Kb2
Kd2 53. Kb3 c1=Q 54. Kb4 Qc6 55. Kb3 Qb5+ 56. Ka2 Kc2 57. Ka1 Qb2# 0-1

[Event "Ä13Ï"]
[Site "Loo"]
[Date "2017.04.21"]
[Round "2.32"]
[White "Âîëîáóåâà, Àíàñòàñèÿ."]
[Black "Áàäìàåâà, Ýëüçÿòà."]
[Result "0-1"]
[WhiteElo "1137"]
[BlackElo "1369"]
[PlyCount "64"]
[EventDate "2017.04.20"]

1. e4 c5 2. Nf3 d6 3. d4 cxd4 4. Nxd4 Nf6 5. Nc3 g6 6. Be3 Bg7 7. Qd2 O-O 8. f3
Nc6 9. g4 d5 10. Bd3 dxe4 11. Nxc6 bxc6 12. Nxe4 Nxe4 13. Bxe4 Qc7 14. O-O-O
Be6 15. b3 Rfd8 16. Bf4 Qb6 17. Qe2 Qa5 18. Rxd8+ Rxd8 19. Bd3 Qc3 20. Kd1 Qa1+
21. Bc1 Bh6 22. Ke1 Qxc1+ 23. Qd1 Qf4 24. Qe2 Bg7 25. Kf1 Rd7 26. Kg2 Bd5 27.
Rf1 Be5 28. Kh1 Qxg4 29. c4 Bxf3+ 30. Rxf3 Qh4 31. Be4 Rd1+ 32. Kg2 Qxh2# 0-1

[Event "Ä13Ï"]
[Site "Loo"]
[Date "2017.04.21"]
[Round "2.33"]
[White "Ñàðåöÿí, Ìèëåíà."]
[Black "Àéðàïåòÿí, Àíæåëèêà."]
[Result "0-1"]
[WhiteElo "1134"]
[BlackElo "1362"]
[PlyCount "86"]
[EventDate "2017.04.20"]

1. e4 e6 2. d3 d5 3. Nd2 Nf6 4. Ngf3 Be7 5. g3 O-O 6. Bg2 c5 7. O-O Nc6 8. Re1
b6 9. Nf1 Bb7 10. Bf4 Nh5 11. Be3 Nf6 12. Bc1 dxe4 13. dxe4 Qxd1 14. Rxd1 Nxe4
15. Ne1 Nf6 16. Bg5 Rfd8 17. Nf3 h6 18. Bf4 Nd5 19. Be3 Bf6 20. Rab1 Nxe3 21.
Nxe3 Rab8 22. Ng4 Rxd1+ 23. Rxd1 Bxb2 24. Rd7 Kf8 25. Rc7 f6 26. Nh4 Na5 27.
Ng6+ Kg8 28. Ne7+ Kh7 29. Bxb7 Rxb7 30. Rxb7 Nxb7 31. Nc6 a5 32. Ne3 b5 33. Na7
Nd6 34. Nc6 a4 35. Kf1 g5 36. Ng4 Kg7 37. Ke2 h5 38. Ne3 Kf7 39. Kd3 Ke8 40.
Na5 Bd4 41. Ke2 Kd7 42. Nd1 c4 43. c3 Bb6 0-1

[Event "Ä13Ï"]
[Site "Loo"]
[Date "2017.04.21"]
[Round "2.34"]
[White "Ìóñòàôèíà, Þëèàíà."]
[Black "Èâàíîâà, Äàðüÿ."]
[Result "1/2-1/2"]
[WhiteElo "1361"]
[BlackElo "1224"]
[PlyCount "113"]
[EventDate "2017.04.20"]

1. e4 e5 2. Nf3 Nc6 3. Bc4 Bc5 4. c3 Nf6 5. d4 exd4 6. O-O Nxe4 7. cxd4 Bb6 8.
d5 Ne7 9. Qe2 Nd6 10. Bb3 O-O 11. Bg5 f6 12. Bf4 Bc5 13. Nc3 Kh8 14. Rac1 Re8
15. Qd3 b6 16. Na4 Nb7 17. Bc2 g6 18. Nxc5 Nxc5 19. Qd4 Nf5 20. Bxf5 gxf5 21.
d6 c6 22. Rfe1 Ne6 23. Qd2 Nxf4 24. Qxf4 Re6 25. Nd4 Re4 26. Rxe4 fxe4 27. Qxe4
Bb7 28. Qe7 a5 29. Nf5 Qf8 30. Qxd7 Bc8 31. Qxc6 Bxf5 32. Qxb6 Qd8 33. Qxd8+
Rxd8 34. Rd1 Kg7 35. h3 Be6 36. a3 Kf7 37. f3 Bf5 38. Rd5 Ke6 39. Rxa5 Rxd6 40.
Rc5 Rb6 41. b4 Ra6 42. Rc3 Kd6 43. Kf2 Rc6 44. Rxc6+ Kxc6 45. Ke3 Kb5 46. Kd4
h6 47. g4 Bg6 48. h4 Bf7 49. f4 Bg6 50. g5 hxg5 51. hxg5 fxg5 52. fxg5 Be8 53.
Ke5 Ka4 54. Kf6 Kxa3 55. b5 Bxb5 56. g6 Bc4 57. g7 1/2-1/2

[Event "Ä13Ï"]
[Site "Loo"]
[Date "2017.04.21"]
[Round "2.35"]
[White "Îëåíèíà, Àë¸íà."]
[Black "Âèåðó, ßíà."]
[Result "0-1"]
[WhiteElo "1126"]
[BlackElo "1350"]
[PlyCount "64"]
[EventDate "2017.04.20"]

1. e4 c5 2. Nf3 Nc6 3. d4 cxd4 4. Nxd4 Nf6 5. Nc3 e5 6. Nxc6 bxc6 7. Bg5 Be7 8.
Bd3 O-O 9. Qd2 d6 10. O-O-O Be6 11. Kb1 Rb8 12. Na4 Qc7 13. h4 Qb7 14. Ka1 d5
15. exd5 cxd5 16. b3 e4 17. Be2 Rfc8 18. f3 Qc7 19. Kb1 Bb4 20. Qc1 exf3 21.
Bxf3 Bf5 22. Kb2 Bc3+ 23. Nxc3 Qxc3+ 24. Ka3 Rb5 25. Qf4 Ra5+ 26. Qa4 Rxa4+ 27.
Kxa4 Rc5 28. Rxd5 Nxd5 29. Bd8 Nb6+ 30. Bxb6 axb6 31. b4 Bd7+ 32. b5 Bxb5# 0-1

[Event "Ä13Ï"]
[Site "Loo"]
[Date "2017.04.21"]
[Round "2.36"]
[White "Ãóðîâà, Òàòüÿíà."]
[Black "Àðåôüåâà, Îëüãà."]
[Result "1-0"]
[WhiteElo "1348"]
[BlackElo "1212"]
[PlyCount "89"]
[EventDate "2017.04.20"]

1. b4 c6 2. e3 Qb6 3. a3 Nf6 4. Bb2 a5 5. c4 d6 6. b5 g6 7. Nc3 Bg7 8. a4 O-O
9. Nf3 Bg4 10. Be2 Nbd7 11. O-O Bxf3 12. Bxf3 Ne5 13. Be2 Rac8 14. d4 Ned7 15.
Re1 c5 16. Rc1 Qc7 17. Bf3 Nb6 18. Be2 cxd4 19. exd4 Nxc4 20. Nd5 Nxb2 21. Rxc7
Nxd1 22. Nxe7+ Kh8 23. Nxc8 Nb2 24. Rb1 Nxa4 25. Bd1 Nb2 26. Rxb2 Re8 27. Re2
Rf8 28. Nxd6 Kg8 29. Rxb7 Nd5 30. Re8 Rxe8 31. Nxe8 Bxd4 32. Rd7 Nf6 33. Nxf6+
Bxf6 34. b6 Be5 35. b7 a4 36. Bxa4 Kg7 37. Bb3 h5 38. Rxf7+ Kh6 39. Re7 Bb8 40.
Re6 Kh7 41. Bc2 Kg7 42. Rxg6+ Kf7 43. Rh6 Kg7 44. Rxh5 Kf7 45. g4 1-0

[Event "Ä13Ï"]
[Site "Loo"]
[Date "2017.04.21"]
[Round "2.37"]
[White "Ïåõîòî, Àëåêñàíäðà."]
[Black "Øïóíò, Åëåíà."]
[Result "1-0"]
[WhiteElo "1101"]
[BlackElo "1346"]
[PlyCount "125"]
[EventDate "2017.04.20"]

1. e4 e5 2. Nf3 Nc6 3. d4 exd4 4. Nxd4 Bd6 5. Nc3 h6 6. Be3 Nf6 7. Bd3 O-O 8.
Qf3 Ne5 9. Qe2 Nxd3+ 10. cxd3 b6 11. Nf3 Ba6 12. e5 Bb4 13. exf6 Qxf6 14. Qd2
Rfe8 15. O-O Qg6 16. Rfd1 Bb7 17. Kh1 Qf6 18. Nd4 Qg6 19. f3 Qh5 20. a3 Bd6 21.
Bf4 Bc5 22. Ndb5 Re6 23. Nxc7 Rg6 24. Rf1 Rc8 25. N7b5 a6 26. b4 Be7 27. Rae1
Bf6 28. d4 axb5 29. Ne4 Bh4 30. Re2 Rgc6 31. Nd6 Rc2 32. Qe3 R2c3 33. Qd2 Rc2
34. Qe3 Rxe2 35. Qxe2 Rb8 36. Nxb7 Rxb7 37. Qe8+ Kh7 38. Qe4+ Kh8 39. Qxb7 Bf6
40. Qe4 d5 41. Qe3 Qf5 42. Bc7 Qc2 43. Bxb6 Qc6 44. Bc5 Bg5 45. Qd3 Bh4 46. Ra1
Qe8 47. Qf5 Qe2 48. Qxf7 Qb2 49. Rf1 Qe2 50. Rg1 Bf2 51. Bf8 Bxd4 52. Qe7 Qb2
53. Rd1 Bf6 54. Qe8 d4 55. Bc5+ Kh7 56. Qe4+ Kh8 57. Bxd4 Bxd4 58. Qxd4 Qe2 59.
Qd3 Qa2 60. Qe4 Qg8 61. Qg6 Qc8 62. Re1 Qg8 63. Re8 1-0

[Event "Ä13Ï"]
[Site "Loo"]
[Date "2017.04.21"]
[Round "2.38"]
[White "Íàçàðîâà, Àíàñòàñèÿ."]
[Black "Ñîêîëîâà, Åêàòåðèíà."]
[Result "1-0"]
[WhiteElo "1344"]
[BlackElo "1125"]
[PlyCount "43"]
[EventDate "2017.04.20"]

1. e4 c5 2. Nf3 e6 3. d4 cxd4 4. Nxd4 Nf6 5. Nc3 Bb4 6. Bd3 O-O 7. Bg5 Be7 8.
O-O h6 9. Be3 Nc6 10. Nb3 d5 11. exd5 Nxd5 12. Nxd5 Qxd5 13. Qe2 Ne5 14. Rfd1
Nxd3 15. Rxd3 Qb5 16. Bxh6 Qa4 17. Bxg7 Kxg7 18. Rg3+ Kf6 19. Qh5 e5 20. Qh6+
Kf5 21. Rf3+ Ke4 22. Rd1 1-0

[Event "Ä13Ï"]
[Site "Loo"]
[Date "2017.04.21"]
[Round "2.39"]
[White "Áî÷àðîâà, Äàðüÿ."]
[Black "Áàëàíäèíà, Àëèñà."]
[Result "0-1"]
[WhiteElo "1094"]
[BlackElo "1333"]
[PlyCount "116"]
[EventDate "2017.04.20"]

1. e4 c5 2. Nf3 d6 3. d4 cxd4 4. Nxd4 Nf6 5. Nc3 g6 6. Be3 Bg7 7. Qd2 Nc6 8.
O-O-O O-O 9. f3 Bd7 10. Kb1 Re8 11. g4 Ne5 12. Be2 Bc6 13. h4 h5 14. gxh5 gxh5
15. Bh6 Ng6 16. Bd3 e6 17. Rhg1 Kh7 18. Bxg7 Kxg7 19. Qg5 Rh8 20. f4 Ng4 21.
Qxd8 Raxd8 22. f5 exf5 23. Nxf5+ Kf6 24. Rg2 Ne7 25. Rf1 Nxf5 26. Rxf5+ Ke7 27.
Re2 Rdg8 28. Bc4 Ne5 29. b3 Nxc4 30. bxc4 Rg4 31. Ref2 Rh7 32. R5f4 Rxf4 33.
Rxf4 Rg7 34. Rf5 Rg4 35. Rxh5 Bxe4 36. Kb2 Bg6 37. Rh8 Rxc4 38. h5 Bf5 39. h6
Rh4 40. Nd5+ Ke6 41. Nc7+ Kd7 42. Nd5 Rh2 43. Nf6+ Ke6 44. Ne8 Rxc2+ 45. Kb3
Rh2 46. Ng7+ Kf6 47. Nxf5 Kxf5 48. Rb8 Rxh6 49. Rxb7 Ke6 50. Rxa7 f5 51. a4 f4
52. Ra8 f3 53. Rf8 Rf6 54. Rxf6+ Kxf6 55. a5 f2 56. a6 f1=Q 57. a7 Qa1 58. a8=Q
Qxa8 0-1

[Event "Ä11Â"]
[Site "Loo"]
[Date "2017.04.21"]
[Round "2.1"]
[White "Ìèõååâà, Ãàëèíà."]
[Black "Ïåòðîâà, Åëèçàâåòà."]
[Result "1-0"]
[WhiteElo "1569"]
[BlackElo "1350"]
[PlyCount "103"]
[EventDate "2017.04.20"]

1. e4 c5 2. Nf3 e6 3. b3 Nc6 4. Bb2 d5 5. exd5 exd5 6. Bb5 Nf6 7. Qe2+ Be7 8.
O-O O-O 9. Re1 Bg4 10. Bxc6 Bxf3 11. gxf3 bxc6 12. Qxe7 Qxe7 13. Rxe7 d4 14.
Rc7 Rfc8 15. Rxc8+ Rxc8 16. Na3 Re8 17. Kf1 Nd5 18. Re1 Kf8 19. Nc4 Rxe1+ 20.
Kxe1 f6 21. Ba3 Kf7 22. Bxc5 a6 23. Nb6 Nf4 24. Bxd4 Ke6 25. Be3 Ng6 26. Ke2
Ne5 27. Nc4 Nd7 28. Kd3 Kd5 29. Nb6+ Nxb6 30. Bxb6 f5 31. f4 h5 32. h4 g6 33.
c4+ Kd6 34. b4 Ke6 35. a4 Kd6 36. Kd4 Ke6 37. b5 cxb5 38. cxb5 Kd6 39. Bc5+ Kc7
40. Ke5 Kb7 41. d4 Kc7 42. d5 Kd7 43. b6 Kc8 44. d6 g5 45. fxg5 f4 46. g6 f3
47. g7 Kb7 48. g8=Q Kc6 49. Qc4 Kb7 50. Kd5 Kb8 51. Kc6 Ka8 52. Qg8# 1-0

[Event "Ä11Â"]
[Site "Loo"]
[Date "2017.04.21"]
[Round "2.2"]
[White "Øóáåíêîâà, Âåðîíèêà."]
[Black "Çàéöåâà, Äàðüÿ."]
[Result "1-0"]
[WhiteElo "1515"]
[BlackElo "1348"]
[PlyCount "93"]
[EventDate "2017.04.20"]

1. d4 Nf6 2. Nf3 c5 3. e3 e6 4. c3 b6 5. Be2 Bb7 6. O-O d6 7. b3 Be7 8. Bb2 O-O
9. Nbd2 Nbd7 10. c4 Qc7 11. Rc1 Rfd8 12. Qc2 Rac8 13. e4 Nf8 14. d5 e5 15. Ne1
Ng6 16. Nd3 Qd7 17. h3 Ne8 18. Bg4 Qc7 19. Bxc8 Bxc8 20. f4 exf4 21. Nxf4 Bg5
22. Nxg6 hxg6 23. Rce1 Bh4 24. Re2 Qe7 25. Nf3 Bg3 26. e5 Qf8 27. e6 fxe6 28.
dxe6 Qe7 29. Qxg6 Be5 30. Bxe5 dxe5 31. Rxe5 Qf6 32. Qxf6 Nxf6 33. e7 Re8 34.
Ng5 Bd7 35. Ne4 Nxe4 36. Rxe4 Bc6 37. Re3 a5 38. Re6 Bd7 39. Rxb6 Rxe7 40. Rb7
g6 41. Rd1 Kf8 42. Rdxd7 Rxd7 43. Rxd7 Ke8 44. Rb7 Kf8 45. Rb5 Ke8 46. Rxc5 Kd8
47. Rxa5 1-0

[Event "Ä11Â"]
[Site "Loo"]
[Date "2017.04.21"]
[Round "2.3"]
[White "Øóõìàí, Àííà."]
[Black "Ïîëÿòî, Èðèíà."]
[Result "0-1"]
[WhiteElo "1308"]
[BlackElo "1475"]
[PlyCount "126"]
[EventDate "2017.04.20"]

1. e4 c6 2. Nc3 d5 3. Nf3 dxe4 4. Nxe4 Bf5 5. Ng3 Bg6 6. h4 h6 7. Ne5 Qd6 8. d4
Nd7 9. Nxg6 Qxg6 10. Bd3 Qd6 11. Be3 Qb4+ 12. Qd2 Qxb2 13. O-O Qb6 14. d5 Qc7
15. Bf4 Qc8 16. Rfe1 Ngf6 17. Nf5 Kd8 18. d6 e6 19. Nd4 Nd5 20. c4 Nxf4 21.
Qxf4 Nf6 22. Rad1 Qd7 23. Bc2 Kc8 24. Nb3 b6 25. Rd2 Kb7 26. Red1 Rd8 27. Rd3
Nh5 28. Qe5 g6 29. Rb1 Ka8 30. c5 Bg7 31. Qe4 f5 32. Qa4 b5 33. Qa6 Nf4 34. Re3
Nd5 35. Rg3 Nb4 36. Qa5 Nxc2 37. Rxg6 Nd4 38. Qa6 Rhg8 39. Re1 Bh8 40. Nxd4
Bxd4 41. Rexe6 Qb7 42. Qxb7+ Kxb7 43. Re7+ Kb8 44. Rxg8 Rxg8 45. Re6 Bxc5 46.
Rxh6 a5 47. Rf6 a4 48. Rxf5 Bxd6 49. Rf6 Kc7 50. h5 Be5 51. Rf7+ Kb6 52. h6 b4
53. Re7 Bh8 54. Re3 Kb5 55. Re7 b3 56. axb3 axb3 57. Kh2 Kc4 58. Re4+ Kc3 59.
Re3+ Kc2 60. Re2+ Kd1 61. Re6 b2 62. Rd6+ Ke2 63. Re6+ Kxf2 0-1

[Event "Ä11Â"]
[Site "Loo"]
[Date "2017.04.21"]
[Round "2.4"]
[White "Êëåéìåíîâà, Âàëåðèÿ."]
[Black "Ïøåâñêàÿ, ßíà."]
[Result "0-1"]
[WhiteElo "1465"]
[BlackElo "1345"]
[PlyCount "110"]
[EventDate "2017.04.20"]

1. e4 b6 2. d4 Bb7 3. Bd3 e6 4. Nf3 c5 5. c3 Qc7 6. O-O a6 7. a4 d6 8. Bf4 Nd7
9. Re1 Be7 10. Nbd2 Ngf6 11. Rc1 O-O 12. Bc2 Rac8 13. Qe2 Qb8 14. Qd3 Nh5 15.
e5 g6 16. Bh6 Ng7 17. Bxg7 Kxg7 18. exd6 Qxd6 19. Qe3 Qc7 20. Ne4 Rfd8 21. Nfg5
Nf6 22. Nxf6 Bxf6 23. Red1 cxd4 24. cxd4 Qd7 25. Qf4 Qd6 26. Qe3 h6 27. Nh3
Bxd4 28. Qe2 Qe5 29. Qxe5+ Bxe5 30. Rxd8 Rxd8 31. b3 Rc8 32. f3 Bb2 33. Rd1
Rxc2 34. Rd7 Bc8 35. Ra7 e5 36. Ra8 Bxh3 37. gxh3 a5 38. Rb8 Bd4+ 39. Kf1 Rxh2
40. Rd8 Rf2+ 41. Ke1 Rxf3 42. Ke2 Rxh3 43. Rd5 Rxb3 44. Rd6 g5 45. Rd5 h5 46.
Rd6 g4 47. Rd5 h4 48. Rd6 g3 49. Rd5 h3 50. Rd6 g2 51. Rd5 g1=Q 52. Rd6 Qe3+
53. Kd1 Rd3+ 54. Kc2 Qd2+ 55. Kb1 Qb2# 0-1

[Event "Ä11Â"]
[Site "Loo"]
[Date "2017.04.21"]
[Round "2.5"]
[White "Ñâåðãèíà, Ñîôüÿ."]
[Black "Ìîíãóø, Ìèëåíà."]
[Result "1-0"]
[WhiteElo "1228"]
[BlackElo "1421"]
[PlyCount "95"]
[EventDate "2017.04.20"]

1. e4 d5 2. exd5 Qxd5 3. Nc3 Qa5 4. Bc4 Nf6 5. d3 Bg4 6. Nge2 c6 7. Bd2 Qb6 8.
Bb3 e6 9. f3 Bf5 10. g4 Bg6 11. h4 h6 12. Nf4 Bh7 13. Qe2 Be7 14. g5 Nd5 15.
Ncxd5 cxd5 16. Nh5 g6 17. Ng7+ Kf8 18. gxh6 Bf6 19. O-O-O a5 20. a4 Bxg7 21.
hxg7+ Kxg7 22. h5 gxh5 23. Qe5+ f6 24. Qxh5 Kf8 25. Bh6+ Ke7 26. Rdg1 Nd7 27.
Rg7+ Kd6 28. Qf7 Nc5 29. Bf4+ Kc6 30. Qc7+ Qxc7 31. Rxc7+ Kb6 32. Rcxh7 Rxh7
33. Rxh7 Rc8 34. Be3 f5 35. Bxc5+ Rxc5 36. Rh6 Rc6 37. Kd2 Kc5 38. c3 Kd6 39.
d4 Rb6 40. Kc2 Rc6 41. Ba2 Rb6 42. b3 Rc6 43. Bb1 Rb6 44. Kb2 Rc6 45. Bxf5 Kd7
46. Bg4 b6 47. Rh7+ Kc8 48. Re7 1-0

[Event "Ä11Â"]
[Site "Loo"]
[Date "2017.04.21"]
[Round "2.6"]
[White "Êîðîâèíà, ßíà."]
[Black "Áûêîâñêèõ, Åêàòåðèíà."]
[Result "0-1"]
[WhiteElo "1416"]
[BlackElo "1308"]
[PlyCount "64"]
[EventDate "2017.04.20"]

1. d4 d5 2. Nf3 Nf6 3. e3 e6 4. Bd3 Nbd7 5. b3 b6 6. Bb2 c5 7. O-O Bd6 8. Nbd2
O-O 9. Ne5 Qc7 10. f4 Bb7 11. Qf3 c4 12. Nxd7 Nxd7 13. Bxh7+ Kxh7 14. Qh5+ Kg8
15. Rf3 f6 16. Rg3 c3 17. Qg4 Rf7 18. Bc1 cxd2 19. Bxd2 Qxc2 20. Be1 Qb2 21.
Rd1 Re8 22. Rh3 Qxa2 23. Qh5 Kf8 24. Qg6 Ke7 25. Rh7 Nf8 26. Qh5 Nxh7 27. Qxh7
Qxb3 28. Rb1 Qxe3+ 29. Kh1 Ba6 30. Qc2 Bd3 31. Qb2 Bxb1 32. Qxb1 Rc8 0-1

[Event "Ä11Â"]
[Site "Loo"]
[Date "2017.04.21"]
[Round "2.7"]
[White "Ìàéêîâåö, ßíà."]
[Black "Ñóäàðêèíà, Åêàòåðèíà."]
[Result "1/2-1/2"]
[WhiteElo "1401"]
[BlackElo "1292"]
[PlyCount "68"]
[EventDate "2017.04.20"]

1. d4 Nf6 2. c4 e6 3. Nf3 b6 4. e3 Bb7 5. Bd3 d5 6. a3 c5 7. cxd5 exd5 8. b3
Nbd7 9. O-O Be7 10. Bb2 O-O 11. Nc3 Re8 12. Rc1 Rc8 13. Bf5 a6 14. Ne5 Rc7 15.
Nxd7 Nxd7 16. dxc5 Nxc5 17. b4 Ne4 18. Nxe4 Rxc1 19. Nf6+ Bxf6 20. Qxc1 Bxb2
21. Qxb2 Qg5 22. Bh3 h6 23. g3 Qe5 24. Qxe5 Rxe5 25. Bg2 Re7 26. Rd1 Rd7 27. g4
Kf8 28. f4 Rd8 29. Rd2 Rd7 30. Rd1 Rd8 31. Rd2 Rd7 32. Rd1 Rd8 33. Rd2 Rd7 34.
Rd1 Rd8 1/2-1/2

[Event "Ä11Â"]
[Site "Loo"]
[Date "2017.04.21"]
[Round "2.10"]
[White "Ïëåùåâà, Äàðüÿ."]
[Black "Âèøíÿêîâà, Àëèñèÿ."]
[Result "1-0"]
[WhiteElo "1165"]
[BlackElo "1370"]
[PlyCount "123"]
[EventDate "2017.04.20"]

1. e4 e6 2. d4 d5 3. Nd2 dxe4 4. Nxe4 Nd7 5. g3 Ngf6 6. Nxf6+ Nxf6 7. Bg2 Bd6
8. Nf3 O-O 9. O-O Re8 10. Re1 c6 11. Bf4 Bxf4 12. gxf4 Nd5 13. Qd2 Qf6 14. Re4
b5 15. Kh1 a5 16. Rg1 b4 17. c4 bxc3 18. bxc3 Ba6 19. Ne5 Bb7 20. c4 Ne7 21.
Nf3 Red8 22. c5 Nd5 23. Rb1 Bc8 24. Rg1 Bd7 25. Ng5 a4 26. Nf3 a3 27. Ng5 Rdb8
28. Ra1 Rb2 29. Qe1 Nxf4 30. Nf3 Nxg2 31. Kxg2 Qg6+ 32. Kh1 Qh5 33. Qe3 Qd5 34.
Rg1 Qxa2 35. Qh6 Kf8 36. Qxg7+ Ke7 37. Qg5+ f6 38. Qg7+ Kd8 39. Qf8+ Be8 40.
Qd6+ Kc8 41. Rxe6 Kb7 42. Re7+ Ka6 43. Rxe8 Rxe8 44. Qxc6+ Ka5 45. Qxe8 Kb4 46.
c6 Qd5 47. Qf8+ Kb3 48. Qxf6 Rxf2 49. Rg3 Rc2 50. c7 Ka2 51. Qf8 Rxc7 52. Rg2+
Kb3 53. Qb8+ Rb7 54. Nd2+ Kc3 55. Qg3+ Kb4 56. Qe1 Qxd4 57. Nf3+ Qc3 58. Qe4+
Ka5 59. Qxb7 Qa1+ 60. Rg1 Qc3 61. Rb1 Qc4 62. Qb6+ 1-0

[Event "Ä11Â"]
[Site "Loo"]
[Date "2017.04.21"]
[Round "2.11"]
[White "Êàðìàíîâà, Îëüãà."]
[Black "Øâåäîâà, Àëåêñàíäðà."]
[Result "1/2-1/2"]
[WhiteElo "1299"]
[BlackElo "1522"]
[PlyCount "103"]
[EventDate "2017.04.20"]

1. e4 e5 2. Nf3 Nc6 3. Bb5 a6 4. Ba4 Nf6 5. Qe2 b5 6. Bb3 Bc5 7. c3 O-O 8. O-O
Bb6 9. Rd1 h6 10. d3 d6 11. h3 Ne7 12. Nbd2 Ng6 13. Nf1 Re8 14. Ng3 d5 15. exd5
Nxd5 16. Bxd5 Qxd5 17. d4 e4 18. Re1 f5 19. Nh5 Bb7 20. Nh2 Nh4 21. Bxh6 Qd6
22. Bf4 Qg6 23. Bg3 Qg5 24. Nf4 c5 25. Qh5 Qxh5 26. Nxh5 Ng6 27. dxc5 Bxc5 28.
Nf4 Ne5 29. Rad1 Rac8 30. Nf1 Kf7 31. h4 Rcd8 32. Nd2 g6 33. Nb3 Bb6 34. Nc1
Ng4 35. Kf1 Bc6 36. Kg1 a5 37. Nb3 e3 38. fxe3 Rxd1 39. Rxd1 Nxe3 40. Rb1 Be4
41. Rc1 Nxg2+ 42. Kh2 Be3 43. Nxg2 Bxc1 44. Nxc1 Rd8 45. Nb3 a4 46. Nd4 b4 47.
Bc7 Rd5 48. Nf4 Rc5 49. Bd6 bxc3 50. bxc3 Rxc3 51. a3 Rc4 52. Nde6 1/2-1/2

[Event "Ä11Â"]
[Site "Loo"]
[Date "2017.04.21"]
[Round "2.12"]
[White "Ìèõàéëèíà, Îëüãà."]
[Black "Ôåäîðîâà, Îëåñÿ."]
[Result "0-1"]
[WhiteElo "1274"]
[BlackElo "1414"]
[PlyCount "70"]
[EventDate "2017.04.20"]

1. e4 c5 2. Nf3 Nc6 3. d4 cxd4 4. Nxd4 Nf6 5. Nc3 e6 6. Bc4 Bb4 7. Nxc6 bxc6 8.
f3 d5 9. e5 Nd7 10. Bb3 Nxe5 11. Qd4 Bxc3+ 12. bxc3 f6 13. Ba3 Ba6 14. Qc5 Qd7
15. Rd1 Nc4 16. Bb4 Rb8 17. Ba4 Bb5 18. Bxb5 Rxb5 19. Qf2 a5 20. Bc5 Kf7 21. h4
Qb7 22. Be3 Nxe3 23. Qxe3 Rb2 24. Qc1 Rxa2 25. Kd2 Qb6 26. Rhf1 Rd8 27. Ke2
Qb5+ 28. Kd2 Qc4 29. Qb1 Qa4 30. Qb7+ Kg8 31. Rc1 d4 32. Ke2 Rxc2+ 33. Rxc2
Qxc2+ 34. Ke1 dxc3 35. Qb8 Qd2# 0-1

[Event "Ä11Â"]
[Site "Loo"]
[Date "2017.04.21"]
[Round "2.14"]
[White "Èñòîìèíà, Âàëåðèÿ."]
[Black "Êèëüäèøîâà, Àëèíà."]
[Result "1-0"]
[WhiteElo "1364"]
[BlackElo "1361"]
[PlyCount "57"]
[EventDate "2017.04.20"]

1. e4 c5 2. Nf3 Nc6 3. d4 cxd4 4. Nxd4 g6 5. Nc3 Bg7 6. Be3 Nf6 7. f3 O-O 8. g4
h6 9. Qd2 Kh7 10. O-O-O Ng8 11. Nxc6 bxc6 12. h4 Qa5 13. Bd4 Qb4 14. Bxg7 Kxg7
15. a3 Qc5 16. f4 d6 17. Na4 Bxg4 18. Nxc5 Bxd1 19. Qxd1 dxc5 20. f5 Nf6 21.
fxg6 Kxg6 22. Rg1+ Kh7 23. Qd3 Rad8 24. Qf3 Rd4 25. Bd3 c4 26. e5+ cxd3 27.
exf6 d2+ 28. Kd1 e6 29. Qg3 1-0

[Event "Ä11Â"]
[Site "Loo"]
[Date "2017.04.21"]
[Round "2.15"]
[White "Ëåçèíà, Àííà."]
[Black "Äîëèíñêàÿ, Ìàðèÿ."]
[Result "1-0"]
[WhiteElo "1325"]
[BlackElo "1128"]
[PlyCount "121"]
[EventDate "2017.04.20"]

1. e4 e5 2. Nf3 Nc6 3. d4 exd4 4. Nxd4 Nf6 5. Nxc6 bxc6 6. e5 Qe7 7. Qe2 Nd5 8.
c4 Ba6 9. g3 g6 10. b3 Bg7 11. Bb2 O-O 12. Bg2 Rae8 13. O-O Bxe5 14. Bxe5 Qxe5
15. Qxe5 Rxe5 16. cxd5 Bxf1 17. Kxf1 cxd5 18. f4 Re3 19. Bxd5 Rfe8 20. Nd2 Rd3
21. Ne4 Kg7 22. Bc4 Re3 23. Nf2 c6 24. Rc1 d5 25. Bd3 Rc8 26. Ba6 Rc7 27. Ng4
Re8 28. Ne5 Rb8 29. Be2 c5 30. Bf3 f6 31. Nd3 Rbc8 32. Bxd5 Rd8 33. Bc4 a5 34.
a4 h6 35. Kf2 Kf8 36. Kf3 Ke7 37. Rd1 f5 38. Re1+ Kf6 39. Re6+ Kg7 40. Ra6 Rcd7
41. Ke3 Re8+ 42. Kd2 Red8 43. Kc3 Rc8 44. Be6 Rcd8 45. Bxd7 Rxd7 46. Rxa5 Rc7
47. Rxc5 Rxc5+ 48. Nxc5 g5 49. fxg5 hxg5 50. Ne6+ Kf6 51. Nxg5 Kxg5 52. a5 f4
53. gxf4+ Kxf4 54. a6 Kg4 55. a7 Kh3 56. a8=Q Kxh2 57. Qg8 Kh3 58. Kd3 Kh4 59.
Ke4 Kh5 60. Kf5 Kh4 61. Qg4# 1-0

[Event "Ä11Â"]
[Site "Loo"]
[Date "2017.04.21"]
[Round "2.16"]
[White "Ëè, Äàðèíà."]
[Black "Ôðîëîâà, Àëèêà."]
[Result "0-1"]
[WhiteElo "1310"]
[BlackElo "1441"]
[PlyCount "106"]
[EventDate "2017.04.20"]

1. e4 c6 2. Nf3 d5 3. Nc3 Bg4 4. h3 Bxf3 5. Qxf3 e6 6. exd5 cxd5 7. Bb5+ Nc6 8.
Bxc6+ bxc6 9. d4 Nf6 10. Ne2 Be7 11. c3 O-O 12. Qg3 Ne4 13. Qg4 Kh8 14. Ng3
Nxg3 15. Qxg3 Rb8 16. O-O Bd6 17. Qg4 Qc7 18. f4 Rfe8 19. f5 exf5 20. Qxf5 f6
21. h4 Bh2+ 22. Kh1 Re4 23. Qh3 Bg3 24. Qf5 Rxh4+ 25. Kg1 Bh2+ 26. Kh1 Bf4+ 27.
Kg1 Bxc1 28. Raxc1 Qh2+ 29. Kf2 Rf4+ 30. Qxf4 Qxf4+ 31. Kg1 Qe3+ 32. Kh1 Rxb2
33. Rb1 Rxb1 34. Rxb1 h6 35. Kh2 Qxc3 36. Rb3 Qxd4 37. Kg3 Qe5+ 38. Kh4 d4 39.
g4 Qe6 40. Kh5 Qxb3 41. axb3 d3 42. g5 d2 43. g6 d1=Q+ 44. Kh4 Qg1 45. b4 Qxg6
46. b5 cxb5 47. Kh3 Qg1 48. Kh4 g5+ 49. Kh5 b4 50. Kxh6 b3 51. Kh5 b2 52. Kh6
b1=Q 53. Kh5 Qh7# 0-1